00354nam a2200133Ia 4500003000400000008004100004040001600045082001600061100002100077245004600098260005100144300001000195650001500205GCL140319s9999 xx 000 0 eng d aGCL / cGCL04a882.01bE S1 aEASTERLING, P.E.10aSOPHOCLES TRACHINIAE / cEASTERLING, P.E. a[S.N] : bCAMBRIDGE UNIVERSITY PRESS ، c1993 a254 P04aTRACHINIAE